Statistics for NBA Team Scoring Leaders - Extreme

Click here to take the quiz!

General Stats

  • This quiz has been taken 8,855 times
    (921 since last reset)
  • The average score is 58 of 89

Answer Stats

Team Player % Correct
BullsMichael Jordan
98%
JazzKarl Malone
97%
CavaliersLeBron James
97%
LakersKobe Bryant
97%
MavericksDirk Nowitzki
96%
Wizards/BulletsJeff Malone
96%
Bucks, LakersKareem Abdul-Jabbar
96%
BullsScottie Pippen
95%
RocketsJames Harden
94%
JazzJohn Stockton
94%
SpursTim Duncan
94%
WarriorsStephen Curry
93%
LakersJerry West
93%
HeatDwyane Wade
92%
Pelicans/HornetsDavid West
92%
RocketsHakeem Olajuwon
92%
Hornets/BobcatsDell Curry
92%
CelticsLarry Bird
90%
TimberwolvesKevin Garnett
90%
Thunder/SonicsKevin Durant
89%
SpursDavid Robinson
88%
BucksGlenn Robinson
88%
Trail BlazersDamian Lillard
87%
WarriorsWilt Chamberlain
87%
PistonsIsiah Thomas
86%
Thunder/SonicsRussell Westbrook
86%
PacersReggie Miller
86%
KnicksPatrick Ewing
86%
76ersAllen Iverson
86%
GrizzliesMarc Gasol
83%
NuggetsCarmelo Anthony
83%
Pelicans/HornetsChris Paul
82%
SunsKevin Johnson
81%
Kings/RoyalsOscar Robertson
80%
NetsVince Carter
80%
TimberwolvesKarl-Anthony Towns
79%
RaptorsKyle Lowry
79%
CelticsPaul Pierce
78%
Trail BlazersClyde Drexler
78%
SunsWalter Davis
77%
RaptorsChris Bosh
77%
Pelicans/HornetsAnthony Davis
77%
HawksDominique Wilkins
75%
MagicDwight Howard
74%
ClippersBlake Griffin
74%
Thunder/SonicsGary Payton
73%
RaptorsDeMar DeRozan
71%
BullsBob Love
71%
CelticsJohn Havlicek
70%
Wizards/BulletsBradley Beal
70%
Hornets/BobcatsKemba Walker
68%
HeatAlonzo Mourning
64%
GrizzliesMike Conley
62%
PistonsJoe Dumars
61%
SpursGeorge Gervin
59%
NuggetsAlex English
58%
NetsBuck Williams
58%
MagicNikola Vučević
56%
ClippersRandy Smith
55%
Hornets/BobcatsGerald Wallace
55%
HawksBob Pettit
53%
WarriorsRick Barry
51%
NetsBrook Lopez
51%
KnicksWalt Frazier
50%
ClippersBob McAdoo
46%
Wizards/BulletsElvin Hayes
46%
KnicksWillis Reed
46%
GrizzliesZach Randolph
45%
Trail BlazersLaMarcus Aldridge
43%
TimberwolvesAndrew Wiggins
40%
PacersRik Smits
39%
JazzAdrian Dantley
35%
CavaliersZydrunas Ilgauskas
33%
MavericksMark Aguirre
32%
HeatGlen Rice
31%
76ersHal Greer
29%
MagicNick Anderson
28%
MavericksRolando Blackman
27%
Kings/RoyalsMitch Richmond
26%
CavaliersBrad Daugherty
26%
76ersDolph Schayes
26%
BucksSidney Moncrief
26%
PistonsBob Lanier
26%
NuggetsDan Issel
23%
HawksLou Hudson
19%
RocketsCalvin Murphy
19%
SunsAlvan Adams
18%
Kings/RoyalsJack Twyman
15%
PacersBilly Knight
13%

Score Distribution

Percentile by Number Answered

Percent of People with Each Score

Your Score History

You have not taken this quiz since the last reset